Catalog

Record Details

Catalog Search



Available copies

  • 1 of 2 copies available at LARL/NWRL Consortium.
  • 1 of 1 copy available at Northwest Regional Library. (Show preferred library)

Current holds

0 current holds with 2 total copies.

Show Only Available Copies
Location Call Number / Copy Notes Barcode Shelving Location Status Due Date
Thief River Falls Public Library TOW (Text) 35500004943179 Main Available -
Breckenridge Public Library TOW (Text) 33500014317812 Main Checked out 07/08/2026

Record details

  • ISBN: 9780143121169
  • ISBN: 9780670022694 (hbk.)
  • ISBN: 0670022691 (hbk.)
  • Physical Description: 335 p. : ill. ; 24 cm.
  • Publisher: New York : Viking, 2011.

Content descriptions

General Note:
"A novel"--Jacket.
Subject: Young women > Fiction.
Upper class > New York (State) > New York > Fiction.
Nineteen thirties > Fiction.
Man-woman relationships > Fiction.
Wall Street (New York, N.Y.) > Fiction.
New York (N.Y.) > Fiction.
Genre: Psychological fiction.
LDR 01357cam a2200385 a 4500
001132699
003LARL_NWRL_CONSORTIUM
00520110725150743.0
008110204s2011 nyua 000 1 eng
010 . ‡a2011004118
020 . ‡a9780143121169
020 . ‡a9780670022694 (hbk.)
020 . ‡a0670022691 (hbk.)
035 . ‡a(OCoLC)681488389
040 . ‡aDLC ‡cDLC ‡dIG# ‡dBTCTA ‡dEGM ‡dYDXCP ‡dUPZ
043 . ‡an-us-ny
05000. ‡aPS3620.O945 ‡bR85 2011
08200. ‡a813/.6 ‡222
1001 . ‡aTowles, Amor. ‡0(LARL_NWRL_CONSORTIUM)221403
24510. ‡aRules of civility / ‡cAmor Towles.
260 . ‡aNew York : ‡bViking, ‡c2011.
300 . ‡a335 p. : ‡bill. ; ‡c24 cm.
500 . ‡a"A novel"--Jacket.
650 0. ‡aYoung women ‡vFiction. ‡0(LARL_NWRL_CONSORTIUM)168213
650 0. ‡aUpper class ‡zNew York (State) ‡zNew York ‡vFiction.
650 0. ‡aNineteen thirties ‡vFiction. ‡0(LARL_NWRL_CONSORTIUM)173717
650 0. ‡aMan-woman relationships ‡vFiction. ‡0(LARL_NWRL_CONSORTIUM)165985
651 0. ‡aWall Street (New York, N.Y.) ‡vFiction. ‡0(LARL_NWRL_CONSORTIUM)168081
651 0. ‡aNew York (N.Y.) ‡vFiction. ‡0(LARL_NWRL_CONSORTIUM)166410
655 0. ‡aPsychological fiction.
948 . ‡hNO HOLDINGS IN LAL - 256 OTHER HOLDINGS
994 . ‡aZ0 ‡bLAL
901 . ‡a132699 ‡bOCLC ‡c132699 ‡tbiblio

Additional Resources